Obálka Náhled e-knihy:
PDF Epub
Pro půjčování e-knih musíte být přihlášeni.
Jak si půjčit online?

Mercedes : projížďka životem fotbalového baviče /

Uloženo v:
Hlavní autor: Švancara, Petr, 1977- (Autor)
Další autoři: Býmová, Monika, 1987- (Autor)
Médium: E-kniha
Jazyk:Czech
Vydáno: Praha : XYZ, 2015
Témata:
Tagy:
Žádné tagy
LEADER 02438nam a2200589 i 4500
001 302815
003 CZ PrSKC
005 20260515063232.0
007 ta
008 151208s2015 xr acf e 000 0bcze
015 |a cnb002756121 
020 |a 9788075052544  |q (vázáno) 
035 |a (OCoLC)934902099 
040 |a ABA001  |b cze  |e rda 
043 |a e-xr--- 
045 |a x-y- 
072 7 |a 796  |x Sport. Hry. Tělesná cvičení  |2 Konspekt 
072 7 |a 929  |x Biografie  |2 Konspekt 
080 |a 796.332.071.2  |2 MRF 
080 |a 796.332.056.24  |2 MRF 
080 |a 796.332  |2 MRF 
080 |a 929  |2 MRF 
080 |a (437.3)  |2 MRF 
080 |a (092)  |2 MRF 
080 |a (047.53)  |2 MRF 
100 1 |a Švancara, Petr,  |d 1977-  |7 xx0200068  |4 aut 
245 1 0 |a Mercedes :  |b projížďka životem fotbalového baviče /  |c Petr Švancara, Monika Čuhelová 
264 1 |a Praha :  |b XYZ,  |c 2015 
300 |a 313 stran, 16 nečíslovaných stran obrazových příloh :  |b ilustrace (některé barevné), portréty ;  |c 22 cm 
336 |a text  |b txt  |2 rdacontent 
337 |a bez média  |b n  |2 rdamedia 
338 |a svazek  |b nc  |2 rdacarrier 
504 |a Obsahuje bibliografii 
600 1 7 |a Švancara, Petr,  |d 1977-  |7 xx0200068  |2 czenas 
648 7 |a 20.-21. století  |7 ch462155  |2 czenas 
650 0 7 |a fotbalisté  |7 ph114579  |z Česko  |y 20.-21. století  |2 czenas 
650 0 7 |a fotbaloví útočníci  |7 ph114582  |z Česko  |y 20.-21. století  |2 czenas 
650 0 7 |a fotbal  |7 ph114578  |z Česko  |y 20.-21. století  |2 czenas 
650 0 9 |a soccer players  |z Czechia  |y 20th-21st centuries  |2 eczenas 
650 0 9 |a soccer attackers  |z Czechia  |y 20th-21st centuries  |2 eczenas 
650 0 9 |a soccer  |z Czechia  |y 20th-21st centuries  |2 eczenas 
655 7 |a biografie  |7 fd131909  |2 czenas 
655 7 |a rozhovory  |7 fd133303  |2 czenas 
655 9 |a biography  |2 eczenas 
655 9 |a interviews  |2 eczenas 
700 1 |a Býmová, Monika,  |d 1987-  |7 jo2015896026  |4 aut 
900 |a ABA001  |b 19 
928 9 |a Albatros Media - XYZ 
044 |a xr 
910 |a RBIT002 
998 |d 170577  |a https://core.palmknihy.cz/api/books/170577/cover?tf1pvg  |b https://core.palmknihy.cz/api/books/170577/cover/400?tf1pvg  |c https://core.palmknihy.cz/api/books/170577/cover/50?tf1pvg  |e 2035-12-31  |g 304  |i 9788075052544  |j https://core.palmknihy.cz/api/books/170577/preview.epub  |k https://core.palmknihy.cz/api/books/170577/preview.pdf  |l   |q 49  |r 1  |s https://www.palmknihy.cz/kniha/170577  |t ebook  |y 2015  |z 0 
999 |d 302813